| 000 | 00430nam a22001697a 4500 | ||
|---|---|---|---|
| 005 | 20180328124202.0 | ||
| 008 | 160518b xxu||||| |||| 00| 0 eng d | ||
| 020 | _a81-7493-474-X | ||
| 041 | _aeng | ||
| 082 |
_b2713 _a338.7 |
||
| 100 |
_aAswathappa K. _94252 |
||
| 245 | _aEssentials of Business Environment | ||
| 260 |
_aNew Delhi _bHimalaya Publishing House, _c1988 |
||
| 300 | _a640 | ||
| 650 |
_aManagement _9241 |
||
| 942 | _cBK | ||
| 999 |
_c976 _d976 |
||